00221nam a22000857a 4500008004100000020001800041100001700059245005100076300000800127140417t xxu||||| |||| 00| 0 eng d a0-8121-0977-5 aLeon Lachman aThe Theory and practice of Industrial Pharmacy a902